Argentina: la historia después de la historia /

محفوظ في:
التفاصيل البيبلوغرافية
المؤلف الرئيسي: Escobar, Santiago
التنسيق: نص
الموضوعات:
الوسوم: إضافة وسم
لا توجد وسوم, كن أول من يضع وسما على هذه التسجيلة!

MARC

LEADER 00000 a a2200000 04500
001 7680
003
040
100 |a Escobar, Santiago  
245 |a Argentina:   |b la historia después de la historia /  |c Santiago Escobar 
650 |a CRISIS  
650 |a RECESION ECONOMICA  
650 |a CRISIS POLITICA  
650 |a GLOBALIZACION  
650 |a PROBLEMAS POLITICOS  
650 |a SEGURIDAD  
650 |a FMI  
773 |g volumen 35, número 137; páginas 7-18  
999 |c 22025  |d 22025